Engineering chemistry (Record no. 32327)

MARC details
000 -LEADER
fixed length control field 00597nam a2200217Ia 4500
005 - DATE & TIME
control field 20260317152724.0
008 - FIXED-LENGTH DATA ELEMENTS--GENERAL INFORMATION
fixed length control field 160330s9999||||xx |||||||||||||| ||und||
020 ## - ISBN
International Standard Book Number 9788123901343
040 ## - CATALOGING SOURCE
Original cataloging agency Central Library-NITS
041 ## - Language
Language English
082 ## - DDC NUMBER
Classification number 540.2462
Book Number BAK
100 ## - MAIN ENTRY--PERSONAL NAME
Personal name Bakshi,S.P
245 ## - TITLE STATEMENT
Title Engineering chemistry
Statement of Resposibility by S.P. Bakshi
260 ## - PUBLICATION, DISTRIBUTION, ETC. (IMPRINT)
Place of publication, distribution, etc New Delhi
Name of publisher, distributor, etc CBS Publishers & Distribution
Date of publication, distribution, etc 2019
300 ## - PHYSICAL DESCRIPTION
Pages vii, 143p.
Other Details ill.
Dimension 20cm
365 ## - TRADE PRICE
Price amount 195.00
Currency code
650 ## - Subject
Subject Chemistry- Engineering
650 ## - Subject
Subject Electro chemistry
650 ## - Subject
Subject Pollution control
942 ## - ADDED ENTRY ELEMENTS (KOHA)
Koha item type Books

No items available.

AVIOR TECHNOLOGIES PVT. LTD.
sales@aviortechnologies.co.in


Visitor Counter

Powered by Koha